000 02028na a2200385 4500
001 19375
003 MIRAKIL
005 20181213155129.0
008 161214b tu 000 0
035 _a19375
040 _aMilas
_btur
_cTR-AnCHP
041 _atur
082 _aCHP 324.2372
_bC36h 2001
090 _aBROŞÜR 55-66
110 _aCumhuriyet Halk Partisi (CHP)
_bGenel Merkez
240 _aHalkla birlikte çözüm
245 _aHalkla birlikte çözüm
_cCHP Genel Merkezi
260 _aAnkara
_bCHP
_c2001
300 _a12 c.
_c16 sm.
440 _aCumhuriyet Halk Partisi yayınları
_pBildiriler
505 _ac.1: Artvin-Bayburt-Giresun-Gümüşhane-Ordu-Rize-Samsun-Trabzon -- c.2: Balıkesir-Bursa-Çanakkale-Edirne-Kırklareli-Manisa-Tekirdağ -- c.3: Batman-Bitlis-Diyarbakır-Elazığ-Hakkari-Malatya-Mardin-Muş-Siirt-Şanlıurfa-Şırnak-Tunceli -Van -- c.4: Ağrı-Ardahan-Bingöl-Erzincan-Erzurum-Iğdır-Kars -- c.5: Aksaray-Amasya-Kayseri-Kırıkkale-Kırşehir-Nevşehir-Niğde-Sivas-Tokat-Yozgat -- c.6. Bartın-Bolu-Çankırı-Karabük-Kastamonu-Sinop-Zonguldak --c.7: Afyon-Antalya-Aydın-Burdur-Denizli-Isparta-Konya-Muğla -- c.8: Bilecik-Düzce- skişehir-Kocaeli-Kütahya-Sakarya-Uşak-Yalova -- c.9: Adana-Adıyaman-Gaziantep-Hatay-İçe -Kahramanmaraş-Karaman-Kilis-Osmaniye -- c.10: İzmir -- c.11: Ankara -- c.12: İstanbul
505 _aPolitika üretimine halkçı katkı / Deniz Baykal
610 _aCHP
_xSiyaset ve yönetim
_y2000-
610 _aCHP
_xBölgesel gelişme stratejileri
_yBaykal dönemi
610 _aCHP
_xBölgesel araştırmalar
_yÇözüm önerileri
610 _aCHP
_xToplumsal sorunlar
_yÇözüm önerileri
650 _aToplumsal sorunlar
_xBölgesel araştırmalar
_yBildiriler
651 _aTürkiye
_xSosyo ekonomik durum
_y2000-
657 _aHalkla birlikte çözüm projesi
700 _a
740 _aPolitika üretimine halkçı katkı / Deniz baykal
830 _aCHP yayınları
942 _2ddc
_cBKS
999 _c7155
_d7155